Příručka plastické anatomie lidského těla pro výtvarníky /

Hlavní autor: Pukl, Vladimír, 1896-1970
Korporativní autor: Akademie výtvarných umění v Praze
Jazyk: Čeština
Vydáno: Praha : Zdravotnické nakladatelství, 1951
Vydání: 1. vyd.
Témata:
Fyzický popis: 33, [1] s. : 37 obr. příl. ; 4°
Knihy
Uloženo v:
LEADER 01286nam a22003492a 4500
001 000783830
003 CZ BrMZK
005 20191031075612.0
007 ta
008 050726s1951 xr erf||||||||||cze d
040 |a ABA001  |b cze  |c BOA001  |d ABA001 
072 7 |a 74  |x Kresba. Umělecká řemesla  |2 Konspekt  |9 21 
080 |a 611  |2 MRF 
080 |a 572.5/.7  |2 MRF 
080 |a 7.04  |2 MRF 
080 |a 743  |2 MRF 
080 |a (035)  |2 MRF 
100 1 |a Pukl, Vladimír,  |d 1896-1970  |7 jk01101710  |4 com 
245 1 0 |a Příručka plastické anatomie lidského těla pro výtvarníky /  |c sest. Vladimír Pukl 
250 |a 1. vyd. 
260 |a Praha :  |b Zdravotnické nakladatelství,  |c 1951  |f (Středoč. tisk., n.p., zákl. záv.) 
300 |a 33, [1] s. :  |b 37 obr. příl. ;  |c 4° 
500 |a Vyd. Ak. výtvarných um. 
650 0 7 |a anatomie člověka  |7 ph118421  |2 czenas 
650 0 7 |a lidské tělo  |7 ph122345  |2 czenas 
650 0 7 |a umělecké náměty  |7 ph138227  |2 czenas 
650 0 7 |a anatomická kresba  |7 ph118419  |2 czenas 
655 7 |a příručky  |7 fd133209  |2 czenas 
710 2 |a Akademie výtvarných umění v Praze  |7 ko2002101935 
910 |a BOA001  |b PK-III-0035.928 
990 |a BK 
996 7 |b 3119652502  |c PK-III-0035.928  |l MZK  |r Sklad / do 1 hodiny  |n 9  |w 000783830  |u 000010  |a 1  |e BOA001  |j MZK50  |s A